Computer fundamentals with application software / (Record no. 11954)
[ view plain ]
| 000 -LEADER | |
|---|---|
| fixed length control field | 00589cam a2200193 a 4500 |
| 020 ## - INTERNATIONAL STANDARD BOOK NUMBER | |
| ISBN | 0878351884 (pbk.) |
| 040 ## - CATALOGING SOURCE | |
| Transcribing agency | DLC |
| 082 00 - DEWEY DECIMAL CLASSIFICATION NUMBER | |
| Classification number | 004 BOY 1986 A006 Or. |
| 100 1# - MAIN ENTRY--AUTHOR NAME | |
| Personal name | Shelly, Gary B. |
| 245 10 - TITLE STATEMENT | |
| Title | Computer fundamentals with application software / |
| 260 ## - PUBLICATION, DISTRIBUTION, ETC. (IMPRINT) | |
| Place of publication | Boston, MA : |
| Name of publisher | Boyd & Fraser Pub. Co., |
| Year of publication | 1986. |
| 300 ## - PHYSICAL DESCRIPTION | |
| Number of Pages | 1 v. (various pagings) : |
| Other physical details | ill. (some col.) ; |
| Dimensions | 28 cm. |
| 500 ## - GENERAL NOTE | |
| General note | Includes index. |
| 650 #0 - SUBJECT ADDED ENTRY--TOPICAL TERM | |
| Topical Term | Electronic digital computers. |
| 650 #0 - SUBJECT ADDED ENTRY--TOPICAL TERM | |
| Topical Term | Electronic data processing. |
| 650 #0 - SUBJECT ADDED ENTRY--TOPICAL TERM | |
| Topical Term | Application software. |
| 700 1# - ADDED ENTRY--PERSONAL NAME | |
| Personal name | Cashman, Thomas J. |
| 942 ## - ADDED ENTRY ELEMENTS (KOHA) | |
| Koha item type | សៀវភៅភាសាអង់គ្លេស |
| 952 ## - LOCATION AND ITEM INFORMATION (KOHA) | |
| Withdrawn status [LOCAL, KOHA] | 0 |
| Permanent Location | Date acquired | Koha item type | Lost status | Shelving location | Barcode | Current Location | Full call number |
|---|---|---|---|---|---|---|---|
| Library Block A | 2017-08-08 | សៀវភៅភាសាអង់គ្លេស | A006 | A15322 | Library Block A | 004 BOY 1986 A006 Or. |